Name the Country - International Football Top Goalscorer - Statistics

General Stats
  • This quiz has been taken 1,245 times
    27 since last reset
  • The average score is 30 of 51
Answer Stats
Goals Goalscorer Answer % Correct
143 Cristiano Ronaldo Portugal
100%
116 Lionel Messi Argentina
95%
79 Neymar Brazil
91%
57 Olivier Giroud France
91%
71 Miroslav Klose Germany
91%
89 Romelu Lukaku Belgium
86%
78 Harry Kane England
86%
89 Robert Lewandowski Poland
86%
59 David Villa Spain
86%
62 Zlatan Ibrahimovic Sweden
82%
69 Luis Suarez Uruguay
82%
65 Didier Drogba Ivory Coast
77%
55 Memphis Depay Netherlands
77%
68 Robbie Keane Republic of Ireland
77%
53 Sadio Mane Senegal
77%
57 Clint Dempsey / Landon Donovan USA
77%
50 Tim Cahill Australia
73%
51 Alexis Sanchez Chile
73%
84 Ferenc Puskas Hungary
73%
55 Erling Haaland Norway
73%
64 Aleksander Mitrovic Serbia
73%
52 Javier Hernandez Mexico
68%
51 Hakan Sukur Türkiye
68%
73 Edin Dzeko Bosnia & Herzegovina
64%
69 Hossam Hassan Egypt
64%
56 Samuel Eto'o Cameroon
59%
52 Poul Nielsen / Jon Dahl Tomasson Denmark
59%
51 Asamoah Gyan Ghana
59%
95 Sunil Chhetri India
59%
108 Ali Daei Iran
59%
58 Cha Bum-kum South Korea
59%
75 Kunishige Kamamoto Japan
55%
72 Majed Abdullah Saudi Arabia
55%
55 Jan Koller Czech Republic
50%
78 Hussein Saeed Iraq
50%
75 Bashar Abdullah Kuwait
50%
60 Almoez Ali Qatar
50%
85 Ali Mabkhout UAE
50%
51 Le Cong Vinh Vietnam
45%
70 Abdul Kadir Indonesia
41%
71 Kiatisuk Senamuang Thailand
41%
50 Salomon Rondon Venezuela
41%
57 Carlos Pavon Honduras
36%
89 Mokhtar Dahari Malaysia
32%
52 Phil Younghusband Philippines
23%
70 Stern John Trinidad & Tobago
23%
68 Carlos Ruiz Guatemala
14%
55 Fandhi Ahmad Singapore
9%
58 Ali Ashfaq Maldives
5%
79 Godfrey Chitalu Zambia
5%
71 Kinnah Phiri Malawi
0%
No matching quizzes found
Score Distribution
Percent of People with Each Score
Percentile by Number Answered
Your Score History
You have not taken this quiz since the last reset